New Complete Master Reading:JLPT N4 (Record no. 1320271)
[ view plain ]
| 000 -LEADER | |
|---|---|
| fixed length control field | 00496nam a2200193Ia 4500 |
| 005 - DATE AND TIME OF LATEST TRANSACTION | |
| control field | 20250507130443.0 |
| 008 - FIXED-LENGTH DATA ELEMENTS--GENERAL INFORMATION | |
| fixed length control field | 008 250505s9999 xx 000 0 jpn d |
| 020 ## - INTERNATIONAL STANDARD BOOK NUMBER | |
| International Standard Book Number | 9784883197644 |
| 037 ## - SOURCE OF ACQUISITION | |
| Stock number | TEXL |
| 040 ## - CATALOGING SOURCE | |
| Original cataloging agency | EASL |
| Language of cataloging | eng |
| Transcribing agency | EASL |
| 041 ## - LANGUAGE CODE | |
| Language code of text/sound track or separate title | jpn |
| Source of code | eng |
| 084 ## - COLON CLASSIFICATION NUMBER | |
| Assigning agency | EASL |
| 100 ## - MAIN ENTRY--PERSONAL NAME | |
| Personal name | Teshiro Hitomi |
| 9 (RLIN) | 755391 |
| 245 #0 - TITLE STATEMENT | |
| Title | New Complete Master Reading:JLPT N4 |
| 260 ## - PUBLICATION, DISTRIBUTION, ETC. | |
| Place of publication, distribution, etc. | Japan |
| Name of publisher, distributor, etc. | Tokyo 3A Corporation Japan |
| Date of publication, distribution, etc. | 2018 |
| 300 ## - PHYSICAL DESCRIPTION | |
| Extent | 151pg |
| 942 ## - ADDED ENTRY ELEMENTS (KOHA) | |
| Koha item type | Reference |
| Withdrawn status | Lost status | Damaged status | Not for loan | Collection | Home library | Current library | Date acquired | Total Checkouts | Barcode | Date last seen | Price effective from | Koha item type |
|---|---|---|---|---|---|---|---|---|---|---|---|---|
| Reference | Department of East Asian Studies Library | Department of East Asian Studies Library | 2025-05-07 | EA1604559 | 2025-05-07 | 2025-05-07 | Reference |
